00629nam a2200193Ia 4500008004100000020001500041082001500056100001600071245003700087250000800124260002200132300001500154500002400169650001200193942000700205952010400212952010400316999001500420230524s9999 xx 000 0 und d a8181281667 a5.711bIVO aIvor Horton 0aANSI C++ (The Complete Language) a3RD aUSAbShroffc2004 aXXXVI;1091 aQuantity Number: 2 aComp-Sc cBK 00104070aTATCLbTATCLcGENd2023-05-24l0o5.711 IVOp7509r2023-05-24w2023-05-24yBKzBECS2212 00104070aTATCLbTATCLcGENd2023-05-24l0o5.711 IVOp7510r2023-05-24w2023-05-24yBKzBECS2212 c4203d4203